Geothermal Energy : (Record no. 16421)
[ view plain ]
| 000 -LEADER | |
|---|---|
| fixed length control field | 01393cam a2200301 a 4500 |
| 001 - CONTROL NUMBER | |
| control field | 16272307 |
| 005 - DATE AND TIME OF LATEST TRANSACTION | |
| control field | 20110416123753.0 |
| 008 - FIXED-LENGTH DATA ELEMENTS--GENERAL INFORMATION | |
| fixed length control field | 100608s2010 fluabf b 001 0 eng |
| 020 ## - INTERNATIONAL STANDARD BOOK NUMBER | |
| International Standard Book Number | 9781420075700 (hardcover : alk. paper) |
| 020 ## - INTERNATIONAL STANDARD BOOK NUMBER | |
| International Standard Book Number | 1420075705 (hardcover : alk. paper) |
| 035 ## - SYSTEM CONTROL NUMBER | |
| System control number | (OCoLC)ocn473479058 |
| 040 ## - CATALOGING SOURCE | |
| Original cataloging agency | DLC |
| Transcribing agency | DLC |
| Modifying agency | UKM |
| -- | DEBBG |
| -- | BTCTA |
| -- | BAKER |
| -- | YDXCP |
| -- | C#P |
| -- | CDX |
| -- | BWX |
| -- | DLC |
| 082 00 - DEWEY DECIMAL CLASSIFICATION NUMBER | |
| Classification number | 621.44 |
| Edition number | 22 |
| Item number | GLA |
| 100 1# - MAIN ENTRY--PERSONAL NAME | |
| Personal name | Glassley, William E. |
| 9 (RLIN) | 28727 |
| 245 10 - TITLE STATEMENT | |
| Title | Geothermal Energy : |
| Remainder of title | Renewable Energy and the Environment / |
| Statement of responsibility, etc | William E. Glassley. |
| 260 ## - PUBLICATION, DISTRIBUTION, ETC. (IMPRINT) | |
| Place of publication, distribution, etc | Boca Raton : |
| Name of publisher, distributor, etc | CRC Press, |
| Date of publication, distribution, etc | c2010. |
| 300 ## - PHYSICAL DESCRIPTION | |
| Extent | xxi, 290 p., [8] p. of plates : |
| Other physical details | ill. (some col.), maps (some col.) ; |
| Dimensions | 27 cm. |
| 490 1# - Series Statement | |
| Series statement | Energy and the environment |
| -- | 28728 |
| 504 ## - BIBLIOGRAPHY, ETC. NOTE | |
| Bibliography, etc | Includes bibliographical references and index. |
| 650 #0 - SUBJECT ADDED ENTRY--TOPICAL TERM | |
| Topical term or geographic name as entry element | Geothermal engineering. |
| 9 (RLIN) | 28729 |
| 650 #0 - SUBJECT ADDED ENTRY--TOPICAL TERM | |
| Topical term or geographic name as entry element | Geothermal resources. |
| 9 (RLIN) | 28730 |
| 650 #0 - SUBJECT ADDED ENTRY--TOPICAL TERM | |
| Topical term or geographic name as entry element | Geothermal resources |
| General subdivision | Environmental aspects. |
| 9 (RLIN) | 28731 |
| 653 ## - INDEX TERM--UNCONTROLLED | |
| Resource For college | |
| Arrived date list | February2012 |
| 830 #0 - SERIES ADDED ENTRY--UNIFORM TITLE | |
| Uniform title | Energy and the environment (Boca Raton, Fla.) |
| 9 (RLIN) | 28732 |
| 942 ## - ADDED ENTRY ELEMENTS (KOHA) | |
| Source of classification or shelving scheme | Dewey Decimal Classification |
| Item type | Book - Borrowing |
| Withdrawn status | Item status | Source of classification or shelving scheme | Damaged status | Not for loan | Vendor | Home library | Current library | Shelving location | Date acquired | Source of acquisition | Cost, normal purchase price | Serial Enumeration / chronology | Total Checkouts | Total Renewals | Full call number | Barcode | Date last seen | Date last borrowed | Koha item type |
|---|---|---|---|---|---|---|---|---|---|---|---|---|---|---|---|---|---|---|---|
| Dewey Decimal Classification | MERIC | Central Library | Central Library | First floor | 09/02/2012 | 765.00 | 13167 | 1 | 1 | 621.44 GLA | 000026031 | 15/07/2025 | 22/03/2012 | Book - Borrowing |